Sirens (Record no. 350797)

000 -LEADER
fixed length control field 00782cam a2200313 a 4500
001 - CONTROL NUMBER
control field 576156
003 - CONTROL NUMBER IDENTIFIER
control field OSt
005 - DATE AND TIME OF LATEST TRANSACTION
control field 20180116183026.0
008 - FIXED-LENGTH DATA ELEMENTS--GENERAL INFORMATION
fixed length control field 870625s1986 nyub 000 1 eng
010 ## - LIBRARY OF CONGRESS CONTROL NUMBER
LC control number 86010027
020 ## - INTERNATIONAL STANDARD BOOK NUMBER
International Standard Book Number 0394556402
035 ## - SYSTEM CONTROL NUMBER
System control number (OCoLC)13525024
035 ## - SYSTEM CONTROL NUMBER
System control number (OCoLC)ocm13525024
035 ## - SYSTEM CONTROL NUMBER
System control number (CStRLIN)NYCG87-B55884
035 ## - SYSTEM CONTROL NUMBER
System control number (NNC)576156
040 ## - CATALOGING SOURCE
Transcribing agency 0
050 0# - LIBRARY OF CONGRESS CALL NUMBER
Classification number PS3562.U752
Item number S45 1986
082 0# - DEWEY DECIMAL CLASSIFICATION NUMBER
Classification number 813.54 LUS 1981
Edition number 19
090 ## - LOCALLY ASSIGNED LC-TYPE CALL NUMBER (OCLC); LOCAL CALL NUMBER (RLIN)
Classification number (OCLC) (R) ; Classification number, CALL (RLIN) (NR) PS3562.U752
100 1# - MAIN ENTRY--PERSONAL NAME
Personal name Eric. Van Lustbader
245 10 - TITLE STATEMENT
Title Sirens
Statement of responsibility, etc. Eric Van Lustbader.
250 ## - EDITION STATEMENT
Edition statement 1st ed.
260 ## - PUBLICATION, DISTRIBUTION, ETC.
Place of publication, distribution, etc. New York :
Name of publisher, distributor, etc. Random House,
Date of publication, distribution, etc. c1986.
300 ## - PHYSICAL DESCRIPTION
Extent 592 p. :
Other physical details PB
Dimensions 25 cm.
440 ## - SERIES STATEMENT/ADDED ENTRY--TITLE
Title Sirens
500 ## - GENERAL NOTE
General note Maps on lining papers.
942 ## - ADDED ENTRY ELEMENTS (KOHA)
Source of classification or shelving scheme
Koha item type Book
Holdings
Withdrawn status Lost status Source of classification or shelving scheme Damaged status Not for loan Collection code Permanent Location Current Location Shelving location Date acquired Total Checkouts Full call number Barcode Date last seen Date last checked out Price effective from Koha item type
            Central Library (CL) Central Library (CL) Fiction 12/08/2015 1 813.54 LUS 1981 NBSD-2328 01/02/2024 11/20/2023 12/08/2015 Book
© 2023 Central Library, National University of Sciences and Technology. All Rights Reserved.